Lubochňa

Zobrazenie: Pohľad z cesty na ktorej stojí pán na hotel Šíp

Bibliographic Details
Format: Photo
Language:Slovak
Published: Praha-Žižkov G. Jilovský 1922
Series:Aquarellochrom
Subjects:

MARC

LEADER 00000ckm a2200000 a 4500
001 vtls001327833
003 SK-MaSNL
005 20260301065803.0
007 kf co
008 240703s1922 xr g 0k|slo
015 |a SNBG1922 
035 |a SNK000280645 
035 |a urn:nbn:sk:snk-km3ltha 
035 |a 5DF9CAF7-CE2A-4F75-AD2C-44865AA43314 
035 |a urn:nbn:sk:snk-km00dukq 
040 |a SNK  |b slo  |c SNK  |e AACR2 
041 0 |a slo 
043 |a e-xo--- 
044 |a xr  |c CZ 
072 7 |a 913  |x Regionálna geografia  |2 konspekt 
080 |a 913(437.6)  |2 2011 
080 |a (084.121)  |2 2011 
080 |a 640.412  |2 2011 
245 0 0 |a Lubochňa  |h grafika 
260 |a Praha-Žižkov  |b G. Jilovský  |c 1922 
300 |a 1 pohľadnica  |b kolorovaná  |c 9 x 14 cm 
490 1 |a Aquarellochrom  |v 1942 
520 8 |a Zobrazenie: Pohľad z cesty na ktorej stojí pán na hotel Šíp 
650 0 7 |a hotely  |2 SNKPH  |9 18422 
651 7 |a Ľubochňa (Slovensko)  |2 SNKPHgeo  |9 82539 
655 7 |a miestne pohľadnice  |2 SNKPH  |9 70510 
830 0 |a Aquarellochrom  |9 385051 
852 |a Slovenská národná knižnica 
958 |a EUIPO 
958 |a GBN 
958 |a GC 
958 |a OND 
999 |c 632002  |d 633932 
952 |t P60, <03>, [BOOK], {603}  |a SNK  |b SNK  |y PREZ  |7 0  |p 17A0135731  |o snkSP 77802  |0 0  |1 0  |4 0  |d 1998-04-15  |f 1  |l 0  |r 2005-01-02 00:00:00  |w 2026-02-23